Alsino
Guardado en:
| Autor principal: | |
|---|---|
| Formato: | Libro |
| Lenguaje: | español |
| Publicado: |
Santiago
Nascimento
1980
|
| Edición: | 15a. ed |
| Materias: | |
| Etiquetas: |
Agregar Etiqueta
Sin Etiquetas, Sea el primero en etiquetar este registro!
|
MARC
| LEADER | 00000nam a2200000 a 4500 | ||
|---|---|---|---|
| 001 | UCQ2327 | ||
| 003 | CL-VaPUC | ||
| 008 | 980724e19800000CL |||||||||||||||||spa|d | ||
| 082 | 0 | 4 | |a Ch863 |b PRA |2 21 |
| 100 | 0 | |a Prado, Pedro |e author |9 315575 | |
| 245 | 1 | 0 | |a Alsino |
| 250 | |a 15a. ed | ||
| 300 | |a 271 p | ||
| 942 | |c BK | ||
| 945 | |d 19980724 00:00:00 |a lriquelm | ||
| 260 | |a Santiago |b Nascimento |c 1980 | ||
| 650 | 0 | |a Novelas chilenas |9 265425 | |
| 650 | 0 | |a Literatura chilena |9 308278 | |
| 583 | |a last modification |c 19980724 00:00:00 |k Rodrigo Vera | ||
| 999 | |c 273158 |d 273156 | ||
| 952 | |0 0 |1 0 |4 0 |6 CH_863_000000000000000_PRA_1980 |7 0 |8 A |9 308513 |a BIBEDU |b BIBEDU |d 2019-11-20 |i 1446517 |o Ch863 PRA 1980 |p 1446517 |r 2019-11-20 |w 2019-11-20 |y BK |k LIT | ||
| 952 | |0 0 |1 0 |4 0 |6 CH_863_000000000000000_PRA_1980 |7 0 |8 A |9 308514 |a BIBEDU |b BIBEDU |d 2019-11-20 |i 1446568 |o Ch863 PRA 1980 |p 1446568 |r 2019-11-20 |w 2019-11-20 |y BK |k LIT | ||
| 952 | |0 0 |1 0 |4 0 |6 CH_863_000000000000000_PRA_1980 |7 0 |8 A |9 308515 |a BIBEDU |b BIBEDU |d 2019-11-20 |i 1446746 |o Ch863 PRA 1980 |p 1446746 |r 2019-11-20 |w 2019-11-20 |y BK |k LIT | ||
| 952 | |0 0 |1 0 |4 0 |6 CH_863_000000000000000_PRA_1980 |7 0 |8 A |9 308516 |a BIBEDU |b BIBEDU |d 2019-11-20 |i 1446797 |o Ch863 PRA 1980 |p 1446797 |r 2019-11-20 |w 2019-11-20 |y BK |k LIT | ||